<?xml version="1.0" encoding="UTF-8"?>
<resp>
  <nextPage>https://data.bn.org.pl/api/networks/bibs.marcxml?marc=001+b00001150003223&amp;sinceId=1150003224</nextPage>
  <collection>
    <record xmlns='http://www.loc.gov/MARC21/slim'><leader>01155namZa2200361ZiZ4500</leader><controlfield tag='001'>b00001150003223</controlfield><controlfield tag='005'>20260402111636.0</controlfield><controlfield tag='008'>230609s        pl           |000 0 pol c</controlfield><controlfield tag='009'>9913261901305606</controlfield><datafield ind1=' ' ind2=' ' tag='020'><subfield code='a'>8389986051</subfield></datafield><datafield ind1=' ' ind2=' ' tag='035'><subfield code='a'>KR_1KR_1_20120317233434041359-48omnis_kr</subfield></datafield><datafield ind1=' ' ind2=' ' tag='035'><subfield code='a'>KR_1_20120317233434041359</subfield><subfield code='9'>ExL</subfield></datafield><datafield ind1=' ' ind2=' ' tag='035'><subfield code='a'>(PL)b00001150003223</subfield></datafield><datafield ind1=' ' ind2=' ' tag='040'><subfield code='a'>KR_1</subfield><subfield code='c'>KR_1</subfield></datafield><datafield ind1='0' ind2=' ' tag='041'><subfield code='a'>pol</subfield></datafield><datafield ind1='1' ind2=' ' tag='100'><subfield code='a'>Jackowska, Wanda</subfield></datafield><datafield ind1='1' ind2='0' tag='245'><subfield code='a'>Śledź na różne sposoby /</subfield><subfield code='c'>Wanda Jackowska ; [zdj. Mirosław Ciunowicz].</subfield></datafield><datafield ind1=' ' ind2=' ' tag='260'><subfield code='a'>Warszawa :</subfield><subfield code='b'>&quot;Egros&quot;,</subfield><subfield code='c'>[2005].</subfield></datafield><datafield ind1=' ' ind2=' ' tag='300'><subfield code='a'>37 s., [8] s. tabl. kolor. :</subfield><subfield code='b'>fot. ;</subfield><subfield code='c'>21 cm.</subfield></datafield><datafield ind1='1' ind2=' ' tag='490'><subfield code='a'>Smaczna i Zdrowa Kuchnia Domowa</subfield></datafield><datafield ind1=' ' ind2=' ' tag='500'><subfield code='a'>n</subfield></datafield><datafield ind1=' ' ind2='7' tag='650'><subfield code='a'>Kucharstwo</subfield><subfield code='2'>DBN</subfield></datafield><datafield ind1=' ' ind2='7' tag='650'><subfield code='a'>Śledź oceaniczny</subfield><subfield code='2'>DBN</subfield></datafield><datafield ind1=' ' ind2=' ' tag='658'><subfield code='a'>Kulinaria</subfield></datafield><datafield ind1='1' ind2=' ' tag='700'><subfield code='a'>Ciunowicz, Mirosław</subfield><subfield code='d'>(1938- )</subfield><subfield code='e'>Il.</subfield></datafield><datafield ind1=' ' ind2=' ' tag='852'><subfield code='b'>48OMNIS_NETWORK</subfield><subfield code='8'>9913261901305606</subfield></datafield><datafield ind1=' ' ind2=' ' tag='852'><subfield code='b'>48OMNIS_KR</subfield><subfield code='8'>991000032219708216</subfield></datafield><datafield ind1=' ' ind2=' ' tag='852'><subfield code='8'>2211401380008216</subfield><subfield code='j'>1</subfield><subfield code='b'>KR_2_1</subfield><subfield code='p'>KR_2_10005055</subfield><subfield code='c'>KR_2_1_1</subfield></datafield><datafield ind1=' ' ind2=' ' tag='920'><subfield code='a'>83-89986-05-1</subfield></datafield></record>
  </collection>
</resp>
